000 00393nam a2200145Ia 4500
008 230711s9999||||xx |||||||||||||| ||und||
041 _aENG
082 _a624
100 _aBovard,Ron
245 0 _aWindows for the soul ecclesiastic art glass at bovard studio
250 _a1st . Ed.
260 _c2001
_aFort Lauderdale
_bWardell Publications Inc
650 _aCivil Engineering
942 _cBK
999 _c4358
_d4358